| Поле | Название | Значение |
| |
Тип записи |
a |
| |
Библиографический уровень |
m |
| 001 |
Контрольный номер |
59a4e9b2b5464b5e8cf05d8266680635 |
| 005 |
Дата корректировки |
20241022093932.9 |
| 010 |
Индекс ISBN |
__ |
| a |
ISBN |
978-5-906950-21-5 (в пер.) |
| d |
Цена |
400-00, 2000 экз. |
| 100 |
Данные общей обработки |
__ |
| a |
Данные общей обработки |
19190117d2018||||||| 0rusy0189 ca |
| 101 |
Язык документа |
0_ |
| a |
Язык текста |
rus |
| 102 |
Страна публикации |
__ |
| a |
Страна публикации |
ru| |
| 102 |
Страна публикации |
__ |
| a |
Страна публикации |
RU |
| 105 |
Кодированные данные (монография) |
__ |
| a |
Кодированные данные (монография) |
#|||||||000zy |
| 200 |
Заглавие и сведения об ответственности |
1_ |
| a |
Заглавие |
Прощай, кобра! |
| e |
Сведения, относящиеся к заглавию |
[фантастическая повесть] |
| f |
Первые сведения об ответственности |
Юлия Лавряшина |
| b |
Общее обозначение материала |
Текст |
| 210 |
Выходные данные |
__ |
| a |
Место издания |
Москва |
| c |
Издательство |
Аквилегия-М |
| d |
Дата издания |
2018 |
| 215 |
Физическое описание |
__ |
| a |
Объем |
532, [3] с. |
| d |
Формат |
21 см |
| 225 |
Серия |
__ |
| a |
Серия |
Современность и фантастика |
| 330 |
Аннотация |
__ |
| a |
Аннотация |
Настя Ильина владеет магической силой. Переехав в другой город, она создаёт команду подростков-волшебников. Но использовать необычный дар ребята могут только для спасения детей, попавших в беду. Настю и её друзей ждут серьёзные испытания. События их жизни сменяют друг друга стремительно, точно картинки в калейдоскопе. Подросткам предстоит спасти целый город. Вот только справится ли Настя с ролью командира? Для среднего школьного возраста. |
| 333 |
Примечание о целевом назначении |
__ |
| a |
Примечание о целевом назначении |
12+. Для детей старше 12 лет |
| 606 |
Тематические рубрики |
__ |
| a |
Основная рубрика |
Художественная литература |
| 606 |
Тематические рубрики |
__ |
| a |
Основная рубрика |
Современная русская литература (произведения) |
| 610 |
Ключевые слова |
__ |
| a |
Ключевые слова |
повести |
| 610 |
Ключевые слова |
__ |
| a |
Ключевые слова |
повести для детей |
| 610 |
Ключевые слова |
__ |
| a |
Ключевые слова |
повести для подростков |
| 610 |
Ключевые слова |
__ |
| a |
Ключевые слова |
подростковая литература |
| 610 |
Ключевые слова |
__ |
| a |
Ключевые слова |
фэнтези |
| 610 |
Ключевые слова |
__ |
| a |
Ключевые слова |
фэнтези |
| 610 |
Ключевые слова |
__ |
| a |
Ключевые слова |
фантастические повести |
| 610 |
Ключевые слова |
__ |
| a |
Ключевые слова |
тема магии |
| 610 |
Ключевые слова |
__ |
| a |
Ключевые слова |
тема сверхспособностей |
| 610 |
Ключевые слова |
__ |
| a |
Ключевые слова |
тема волшебников |
| 686 |
Индексы других классификаций |
__ |
| 2 |
Код системы |
rubbks |
| a |
Классификационный индекс |
84(2=411.2)6-4; ст84(2=411.2)6-4 |
| 700 |
Автор |
_1 |
| a |
Фамилия |
Лавряшина |
| b |
Имя |
Ю. А. |
| f |
Даты |
1965- |
| g |
Полное личное имя |
Юлия Александровна |
| 4 |
Код отношения |
070 |
| 801 |
Источник записи |
_0 |
| a |
Страна |
ru |
| b |
Организация |
Муниципальное бюджетное учреждение культуры "Централизованная библиотечная система" г. Сургут (Центральная городская библиотека им. А. С. Пушкина) |
| c |
Дата составления |
20190117 |
| g |
Правила каталогизации |
PSBO |
| 801 |
Источник записи |
_1 |
| a |
Страна |
ru |
| b |
Организация |
Муниципальное бюджетное учреждение культуры "Централизованная библиотечная система" г. Сургут (Центральная городская библиотека им. А. С. Пушкина) |
| c |
Дата составления |
20190117 |
| g |
Правила каталогизации |
PSBO |
| 852 |
Данные о местонахождении |
__ |
| j |
Шифр хранения |
84(2=411.2)6-4 |
| i |
Авторский знак |
Л 13 |
| 901 |
Тип документа |
__ |
| t |
Тип документа |
m |
| a |
Ответственный |
КиК/Мамарузиева |
| 903 |
Характеристики (МАРС) |
__ |
| a |
Дата передачи |
20190117 |
| 969 |
Тип издания |
__ |
| a |
Тип издания |
издание для детей |
| 990 |
Данные о заказе (DOS) |
__ |
| j |
Количество экземпляров (DOS) |
5 |
| t |
N записи в КСУ для И/У (DOS) |
201901 |